| 000 | 00541nam a2200169Ia 4500 | ||
|---|---|---|---|
| 003 | GCL | ||
| 008 | 140319s9999 xx 000 0 ara d | ||
| 040 |
_aGCL / _cGCL |
||
| 082 | 0 | 4 |
_a370.901 _bس ت |
| 100 | 1 | _aسعيد اسماعيل على | |
| 245 | 1 | 0 |
_aالتربية العربية فى العصر الجاهلى / _cسعيد اسماعيل على |
| 300 | _a296 ص | ||
| 490 |
_aالتربية والحضارة _v0 |
||
| 650 | 0 | 4 | _aالتربية |
| 650 | 0 | 4 | _aالتربية - تاريخ العصر الجاهلى |
| 942 |
_2ddc _cBK |
||
| 999 |
_c47747 _d47747 |
||